000 00279nam a22001337a 4500
008 170715b xxu||||| |||| 00| 0 eng d
020 _a9781577661948
041 _aeng
080 _a572
100 _a24
101 _aANT
245 _aURBAN LIFE
_cGMELCH,G
942 _2udc
_cBK
999 _c21135
_d21135